• 首页
  • 本馆介绍
  • 公告通知
  • 最新文献
  • 馆藏检索
  • 电子资源
  • 读者导购
  • 参考咨询
  • 我的图书馆
  • 登录
  • 详细信息显示
  • 放入我的书架
  • 预约/预借图书
  • 作者相关作品
  • 分类相关作品
  • 丛书相关作品
  • 出版社相关作品

书目信息

  • 表格格式
  • 工作单格式
  • 卡片格式
题名:
乡土游
    
 
作者: 楼庆西
分册:  
出版信息: 北京   清华大学出版社  2006.10
页数:
开本: 32开
丛书名: 中国乡土建筑丛书
单 册:
中图分类: TU241.4
科图分类:
主题词: 民用建筑--建筑设计
电子资源:
ISBN: 7-302-12121-4
000 00562nam0 2200205 450
001 0736196517
005 20070924100316.51
010    @a7-302-12121-4@d¥39.80
100    @a20070924d km y0chiy0120 ea
101 0  @achi
200 1  @a乡土游@Axiang tu you@f楼庆西@Flou qing xi
210    @a北京@c清华大学出版社@d2006.10
215    @d32开
225 2  @a中国乡土建筑丛书
410  0 @12001 @a中国乡土建筑丛书
606 0  @a民用建筑@x建筑设计
690    @aTU241.4@v3
701  0 @a楼庆西@Alou qing xi
801  0 @aCN@bPFT@c20070924
905    @a213230@dTU241.4@eZY06@f1
    
    乡土游/楼庆西.-北京:清华大学出版社,2006.10
    32开.-(中国乡土建筑丛书)
    
    
    ISBN 7-302-12121-4:¥39.80
    
●
相关链接 在E读中查询图书 在五车中查询图书 在当当中查询图书 在豆瓣中查询图书


正题名:乡土游     索取号:TU241.4/ZY06         预约/预借

序号 登录号 条形码 馆藏地/架位号 状态 备注
1 7901272   279012729   密集书库-资源管理系/ [索取号:TU241.4/ZY06] 在馆    
唐山师范学院图书馆 欢迎您!
大连网信软件有限公司© 版权所有